000 00312nam a22001337a 4500
003 SGT
082 _a617.645
_bO21Y
100 _aYADAV, ANKITA
245 _aORTHODONTIC CONSIDERATIONS IN YOUNG CHILDREN (PRE- ADOLESCENTS)
260 _aSGTU
_c2021
300 _a66
650 _aPEDODONTICS
942 _2ddc
_cTH
999 _c21140
_d21140